| 000 | 00940nam a22002897a 4500 | ||
|---|---|---|---|
| 003 | DO-SdBNP | ||
| 005 | 20221103102248.0 | ||
| 007 | ta | ||
| 008 | 221103b2022 dr d|||| |||| 00| 0 spa d | ||
| 020 | _a9789945625158 | ||
| 040 |
_aDO-SdBNP _bspa _cBNPHU |
||
| 082 | 4 | _222 | |
| 100 | 1 |
_aGonzález Polanco, Freddy _982676 |
|
| 245 | 1 | 0 |
_aFundamentos de contabilidad I : _bpráctica en República Dominicana / _cFreddy González Polanco ; editor Lennys Tejada Betancourt |
| 260 |
_aSanto Domingo : _bUAPA, _c2022. |
||
| 300 |
_a345 p. : _bgraf. ; _c28 cm. |
||
| 490 | 1 | _aAprendizaje | |
| 490 | 1 |
_aLibro de negocios _v13 |
|
| 500 | _aIncluye datos biográficos del autor en la contracubierta | ||
| 504 | _aBibliografía : p. 343-345 | ||
| 590 | _aInventariado, 2022/BT | ||
| 700 | 1 |
_aTejada Betancourt _982677 |
|
| 830 | 0 |
_aAutoaprendizaje _91208 |
|
| 830 | 0 |
_aLibros de negocios _n13 _982678 |
|
| 910 | _aBtavárez | ||
| 942 |
_2ddc _cLBS1 |
||
| 999 |
_c52762 _d52762 |
||